=LDR 00000nam 2200000 4500 =001 INLIS000000000028628 =005 20130612130922 =008 ***********************************Ind** =035 ##$$0010-061300000028628 =041 ##$$a Ind =082 ##$$a 636.9 =090 ##$$a 636.9, Sar k =100 ##$$a Sarwono, B =245 ##$$a Kelinci potong dan hias, B. Sarwono =260 ##$$a 2007 $b Jakarta =300 ##$$a vi, 146 hlm, ilus, 23 cm =650 ##$$a Kelinci =850 ##$$a NBPNMAT